000 00693nam a2200181Ia 4500
008 151202s9999||||xx |||||||||||||| ||und||
082 _bPNVM-81810
100 _aसंक-बोर्जेस जॉन्सन.
245 _aडायमंड भूगोल शब्दकोश.
260 _bडायमंड पब्लि. पुणे.
260 _c2012
300 _a488
600 _aसंक-बोर्जेस जॉन्सन.
630 _aडायमंड भूगोल शब्दकोश.
700 _aसंक-बोर्जेस जॉन्सन.
730 _aडायमंड भूगोल शब्दकोश.
942 _cBOOK
999 _c1346418
_d1346415